书目信息 |
| 题名: |
电网运行与管理技术问答
|
|
| 作者: | 贾伟 主编 | |
| 分册: | ||
| 出版信息: | 北京 中国电力出版社 2007.11 |
|
| 页数: | 357页 | |
| 开本: | 26cm | |
| 丛书名: | ||
| 单 册: | ||
| 中图分类: | TM73-44 | |
| 科图分类: | ||
| 主题词: | 电力系统运行--dian li xi tong yun xing--问答 , 电力系统--dian li xi tong--管理--问答 | |
| 电子资源: | ||
| ISBN: | 978-7-5083-6002-7 | |
| 000 | 00948nam0 2200253 450 | |
| 001 | 012007317573 | |
| 005 | 20071227082520.89 | |
| 010 | @a978-7-5083-6002-7@dCNY40.00 | |
| 100 | @a20071226d2007 km y0chiy0120 ea | |
| 101 | 0 | @achi |
| 102 | @aCN@b110000 | |
| 105 | @ay a 000yy | |
| 106 | @ar | |
| 200 | 1 | @a电网运行与管理技术问答@Adian wang yun xing yu guan li ji shu wen da@f贾伟主编@Fjia wei zhu bian |
| 210 | @a北京@c中国电力出版社@d2007.11 | |
| 215 | @a357页@d26cm | |
| 320 | @a有书目 (第357页)。 | |
| 330 | @a本书共分12章,主要内容包括:电网运行基础,电力系统一次设备及其运行,电网继电保护,电网频率管理及其调整,电网电压管理及其调整,电网正常运行操作,电网运行异常及事故处理,直流输电等。 | |
| 606 | 0 | @a电力系统运行@Adian li xi tong yun xing@j问答 |
| 606 | 0 | @a电力系统@Adian li xi tong@x管理@j问答 |
| 690 | @aTM73-44@v4 | |
| 701 | 0 | @a贾伟@Ajia wei@4主编 |
| 801 | 0 | @aCN@bQSSK@c20071227 |
| 905 | @b272171-72@dTM73-44@eJ250@f2 | |
| 电网运行与管理技术问答/贾伟主编.-北京:中国电力出版社,2007.11 |
| 357页;26cm |
| ISBN 978-7-5083-6002-7:CNY40.00 |
| 本书共分12章,主要内容包括:电网运行基础,电力系统一次设备及其运行,电网继电保护,电网频率管理及其调整,电网电压管理及其调整,电网正常运行操作,电网运行异常及事故处理,直流输电等。 |
| ● |
| 相关链接 |
|
|
|
正题名:电网运行与管理技术问答
索取号:TM73-44/J250
 
预约/预借
| 序号 | 登录号 | 条形码 | 馆藏地/架位号 | 状态 | 备注 |
| 1 | 272171 | 202721714 | 自科库301/301自科库 18排4列2层/ [索取号:TM73-44/J250] | 在馆 | |
| 2 | 272172 | 202721723 | 期刊室512/301自科库 12排4列5层/ [索取号:TM73-44/J250] | 在馆 |